000 00250nam a2200097Ia 4500
001 1204032
005 20250827022720.0
008 250824s9999 xx 000 0 und d
245 0 _aAFACANLAR ÇETESİ
_cNESRİN AYDIN ERDEM
260 _bÇOCUK GEZGİNİ
999 _c1204032
_d1204032